Neutrale Staaten Europas im Zweiten Weltkrieg - Statistiken

Allgemein
  • Dieses Quiz wurde 599 mal gespielt
  • Das Durchschnittsergebnis liegt bei 6 aus 8
Antwortstatistiken
Land % Korrekt
Schweiz
98%
Schweden
80%
Liechtenstein
77%
Portugal
76%
Andorra
70%
Spanien
68%
Vatikanstadt
67%
Irland
63%
Keine übereinstimmenden Quizze gefunden
Verteilung der Resultate
Anzahl Personen mit jedem Resultat
Perzentil nach korrekt beantworteten Fragen
Ihre Resultats-Entwicklung
Sie haben dieses Quiz noch nicht gespielt